Draft international standard ISO - DIS 22000
Guardat en:
| Autor corporatiu: | |
|---|---|
| Format: | Llibre |
| Idioma: | espanyol |
| Publicat: |
Londres
International Organization for Standardization
2004
|
| Matèries: | |
| Etiquetes: |
Afegir etiqueta
Sense etiquetes, Sigues el primer a etiquetar aquest registre!
|
MARC
| LEADER | 00000nam a2200000 a 4500 | ||
|---|---|---|---|
| 001 | UCK3236 | ||
| 003 | CL-VaPUC | ||
| 008 | 050415e20040000uk |||||||||||||||||spa|d | ||
| 082 | 0 | 4 | |a 664.07 |b INT |2 21 |
| 110 | 2 | |a International Organization for Standardization |e author |9 491293 | |
| 245 | 1 | 0 | |a Draft international standard ISO - DIS 22000 |
| 246 | 1 | 0 | |a Food safety management systems: requirements for organizations throughout the food chain |
| 300 | |a 43 p | ||
| 942 | |c BK | ||
| 945 | |d 20050415 00:00:00 |a jcarroza | ||
| 260 | |a Londres |b International Organization for Standardization |c 2004 | ||
| 650 | 0 | |a Control de calidad |9 259714 | |
| 650 | 7 | |a CONTROL DE ALIMENTOS |2 CL-VaPUC |9 262967 | |
| 650 | 0 | |a Análisis de los alimentos |9 407718 | |
| 583 | |a last modification |c 20171115 10:26:48 |k Rodrigo Vera | ||
| 999 | |c 312497 |d 312495 | ||
| 952 | |0 0 |1 0 |4 0 |6 664_070000000000000_INT_2004 |7 0 |8 A |9 382904 |a BIBALI |b BIBALI |c REF |d 2019-11-21 |i 4104056 |o 664.07 INT 2004 |p 4104056 |r 2025-01-20 |w 2019-11-21 |y BK_F |k ALI | ||